Management: (Record no. 188)

MARC details
000 -LEADER
fixed length control field 00577nam a2200181 4500
001 - CONTROL NUMBER
control field 208
005 - DATE AND TIME OF LATEST TRANSACTION
control field 20181127160842.0
020 00 - INTERNATIONAL STANDARD BOOK NUMBER
International Standard Book Number 9780070660199
090 00 - LOCALLY ASSIGNED LC-TYPE CALL NUMBER (OCLC); LOCAL CALL NUMBER (RLIN)
Classification number (OCLC) (R) ; Classification number, CALL (RLIN) (NR) 658 W4199m 2008
100 00 - MAIN ENTRY--PERSONAL NAME
Personal name Weihrich, Heinz.
245 00 - TITLE STATEMENT
Title Management:
Remainder of title a global and entrepreneurial perspective /
Statement of responsibility, etc. Heinz Weihrich, Mark V. Cannice, Harold Koontz
Medium
250 00 - EDITION STATEMENT
Edition statement 12th ed.
260 00 - PUBLICATION, DISTRIBUTION, ETC.
Place of publication, distribution, etc. New Delhi :
Name of publisher, distributor, etc. Tata McGraw-Hill,
Date of publication, distribution, etc. 2008.
300 00 - PHYSICAL DESCRIPTION
Extent xxxvii, 527 p.
650 00 - SUBJECT ADDED ENTRY--TOPICAL TERM
Topical term or geographic name entry element Management.
General subdivision
700 ## - ADDED ENTRY--PERSONAL NAME
Personal name Cannice, Mark V.
Numeration
Titles and other words associated with a name
Dates associated with a name
Relator term
Form subheading
Language of a work
Medium of performance for music
Number of part/section of a work
Arranged statement for music
Name of part/section of a work
Fuller form of name
Key for music
Version
Title of a work
Personal name Koontz, Harold.
Numeration
Titles and other words associated with a name
Dates associated with a name
Relator term
Form subheading
Language of a work
Medium of performance for music
Number of part/section of a work
Arranged statement for music
Name of part/section of a work
Fuller form of name
Key for music
Version
Title of a work
Holdings
Withdrawn status Lost status Source of classification or shelving scheme Damaged status Not for loan Collection code Home library Current library Shelving location Date acquired Cost, normal purchase price Serial Enumeration / chronology Inventory number Full call number Barcode Date last seen Copy number Price effective from Koha item type Total Checkouts Date last checked out
    Dewey Decimal Classification     Main TEST RTC Library RTC Library Main opac 28/02/2022 348.00 86 658 WEI 30001950 27/11/2018 1 27/11/2018 Main    
    Dewey Decimal Classification     Main TEST RTC Library RTC Library Main opac 28/02/2022 348.00 88 658 WEI 30000663 27/11/2018 4 27/11/2018 Main    
    Dewey Decimal Classification     Main TEST RTC Library RTC Library Main opac 28/02/2022 348.00 89 658 WEI 30002664 11/04/2022 1 27/11/2018 Main 1 29/03/2022
    Dewey Decimal Classification     Main TEST RTC Library RTC Library Main opac 28/02/2022 348.00 87 658 WEI 30000633 27/11/2018 2 27/11/2018 Main    
Royal Thimphu College || All Right Reserved